Tilastot visalle Suomen presidentit

Klikkaa tästä pelataksesi tätä visaa!

Yleistilastot

  • Tätä visaa on pelattu 552 kertaa
  • Keskiarvotulos 10 / 12

Vastaustilastot

HintVastaus% Oikein
2012-Sauli Niinistö
98%
2000-2012Tarja Halonen
97%
1944-1946Carl Gustaf Mannerheim
96%
1956-1982Urho Kekkonen
94%
1994-2000Martti Ahtisaari
91%
1982-1994Mauno Koivisto
91%
1940-1944Risto Ryti
90%
1937-1940Kyösti Kallio
83%
1919-1925K. J. Ståhlberg
78%
1946-1956J. K. Paasikivi
76%
1925-1931Lauri Kristian Relander
74%
1931-1937P. E. Svinhufvud
67%

Tulosjakauma

Persentiili vastausten määrän mukaan

Jokaisen tuloksen saaneiden osuus

Tuloshistoriasi

Et ole pelannut tätä visaa